Письма Гирса Николая Николаевича (русский посол в Австро-Венгрии) Шиллингу М. Ф. /на русском языке/

Доступно только в Электронных читальных залах Найти на картеНа карте
RUSMARC
00004392nac2a22003013x 450
001b5db6289-7def-4d86-87eb-79a8d06d493a
00520211213225721.0
100##$a20211120l19111913k y0rusy50 ca
1010#$afre
$arus
102##$aRU
105##$ay z |||e|
1222#$ad19110827
$ad19131231
2001#$aПисьма Гирса Николая Николаевича (русский посол в Австро-Венгрии) Шиллингу М. Ф. /на русском языке/
$j27 августа 1911 - 1913
215##$a11 листов
251##$cДело
300##$aЗаголовок дела на папке отсутствует
300##$aНа папке дела даты не указаны
300##$aЧасть текста на французском языке
300##$aЛисты: 1, 7 - конверты с марками; 4 - конверт без марки; 3, 6 - пронумерованные чистые
300##$aРукописный текст
330##$aВходит в раздел описи: 3. Документы о научной и литературной деятельности барона Шиллинга М. Ф.. Письма разных лиц Шиллингу М. Ф.
461#0$1001ff9fc58f-089b-437b-980d-902343bc59d8
$12001
$aШиллинг Маврикий Фабианович, барон, секретарь русского посольства в Вене
$1251
$cФонд
$1852
$j813
462#0$1001665c067c-d934-4316-b9df-5bf0ad49190b
$12001
$aДела постоянного хранения. 1817-1917
$vД. 216
$1251
$cОпись
$1852
$j1
600#1$aШиллинг
$bМ. Ф.
$cбарон
$gМаврикий Фабианович
600#1$aГирс
$bН. Н.
$gНиколай Николаевич
801#0$aRU
$bGA_RF
801#1$aRU
$bГлавНИВЦ
$c20211120
$2rusmarc
801#2$aRU
$bПБ им. Б.Н. Ельцина
$c20211213
$gRCR
$2rusmarc
852##$aГА РФ
$j216
937##$d171556371
$hГАРФ
035##$aRuPRLIB51061050
856##$uhttp://readingroom.main.prlib.ru/item.aspx?id_node=n171556371&mode=full
Формат отображения